THE CONSTITUTION OF INDIA (Record no. 23009)

MARC details
000 -LEADER
fixed length control field 00335nam a22001457a 4500
003 - CONTROL NUMBER IDENTIFIER
control field SGT
020 ## - INTERNATIONAL STANDARD BOOK NUMBER
International Standard Book Number 9789386456861
082 ## - DEWEY DECIMAL CLASSIFICATION NUMBER
Classification number 342.0954
Item number SIN
100 ## - MAIN ENTRY--PERSONAL NAME
Personal name SINGH , AVTAR
245 ## - TITLE STATEMENT
Title THE CONSTITUTION OF INDIA
250 ## - EDITION STATEMENT
Edition statement 1
260 ## - PUBLICATION, DISTRIBUTION, ETC. (IMPRINT)
Place of publication, distribution, etc ALLAHABAD
Name of publisher, distributor, etc CENTRAL LAW PUBLICATION
Year of Publication 2019
300 ## - PAGE DESCRIPTION
No. of Pages LXXII, 1088
942 ## - ADDED ENTRY ELEMENTS (KOHA)
Source of classification or shelving scheme Dewey Decimal Classification
Koha item type Books
942 ## - ADDED ENTRY ELEMENTS (KOHA)
-- 2
Holdings
Withdrawn status Lost status Source of classification or shelving scheme Damaged status Not for loan Collection code Home library Current library Shelving location Date acquired Vendor Name Cost, normal purchase price SGTU Bill Number Full call number Accession No. (Barcode) Date last seen Bill Date Koha item type Total Checkouts Date last borrowed
    Dewey Decimal Classification   Not For Loan LAW SGT Science & Social Sciences Library SGT Science & Social Sciences Library Reference Book 15/07/2022 AHUJA BOOK COMPANY 870.00 SGTU 14697 342.0954 SIN FL2758 15/07/2022 30/06/2022 Books    
    Dewey Decimal Classification     LAW SGT Science & Social Sciences Library SGT Science & Social Sciences Library Text Book 15/07/2022 AHUJA BOOK COMPANY 870.00 SGTU 14697 342.0954 SIN FL2759 10/06/2025 30/06/2022 Books 3 28/05/2025